Controlling international technology transfer : (Record no. 211908)

MARC details
000 -LEADER
fixed length control field 01165nam a2200337 a 4500
001 - CONTROL NUMBER
control field vtls000205465
003 - CONTROL NUMBER IDENTIFIER
control field NLI
005 - DATE AND TIME OF LATEST TRANSACTION
control field 20210602115523.0
008 - FIXED-LENGTH DATA ELEMENTS--GENERAL INFORMATION
fixed length control field 101126s1981 nyua 001 0 eng
020 ## - INTERNATIONAL STANDARD BOOK NUMBER
International Standard Book Number 0080271084 :
Terms of availability PND 68.00
039 #9 - LEVEL OF BIBLIOGRAPHIC CONTROL AND CODING DETAIL [OBSOLETE]
-- 201011260014
-- VLOAD
040 0# - CATALOGING SOURCE
Original cataloging agency NLI
Language of cataloging eng
Transcribing agency Datasoft 1
Description conventions AACR2
041 0# - LANGUAGE CODE
Language code of text/sound track or separate title eng
044 ## - COUNTRY OF PUBLISHING/PRODUCING ENTITY CODE
MARC country code nyu
082 04 - DEWEY DECIMAL CLASSIFICATION NUMBER
Classification number 338.91
245 00 - TITLE STATEMENT
Title Controlling international technology transfer :
Remainder of title issues, perspectives and policy implications /
Statement of responsibility, etc. edited by Tagi Sagafi-nejad, Richard W. Moxon [and] Howard V. Perlmutter
260 ## - PUBLICATION, DISTRIBUTION, ETC.
Place of publication, distribution, etc. New York :
Name of publisher, distributor, etc. Pergamon Press,
Date of publication, distribution, etc. c1981
300 ## - PHYSICAL DESCRIPTION
Extent xx, 544 p. :
Other physical details ill. ;
Dimensions 24 cm.
440 #0 - SERIES STATEMENT/ADDED ENTRY--TITLE
Title Pergamon policy studies on international development
9 (RLIN) 222744
500 ## - GENERAL NOTE
General note Includes index
650 #0 - SUBJECT ADDED ENTRY--TOPICAL TERM
Topical term or geographic name entry element Technology transfer
700 1# - ADDED ENTRY--PERSONAL NAME
Personal name Sagafi-nejad, Tagi,
Dates associated with a name 1941-,
Relationship edt
9 (RLIN) 389701
700 1# - ADDED ENTRY--PERSONAL NAME
Personal name Moxon, Richard W.,
Dates associated with a name 1941-,
Relationship edt
9 (RLIN) 390431
700 1# - ADDED ENTRY--PERSONAL NAME
Personal name Perlmutter, Howard V.,
Relationship edt
9 (RLIN) 389700
887 ## - NON-MARC INFORMATION FIELD
Content of non-MARC field
901 ## - LOCAL DATA ELEMENT A, LDA (RLIN)
a 472546
b 05.02.1982
902 ## - LOCAL DATA ELEMENT B, LDB (RLIN)
a E 338.91 Sa 18
949 ## - LOCAL PROCESSING INFORMATION (OCLC)
-- VIRTUAITEM
-- 10000
-- 100
6 PUR000472546ENG
942 ## - ADDED ENTRY ELEMENTS (KOHA)
Source of classification or shelving scheme Dewey Decimal Classification
Koha item type Books
991 ## -
-- Anwara 17.03.2010
Holdings
Withdrawn status Lost status Damaged status Not for loan Collection code Home library Current library Shelving location Date acquired Total Checkouts Full call number Barcode Date last seen Price effective from Koha item type
        New English National Library of India National Library of India New English - Main Stack Division     E 338.91 Sa 18 PUR000472546ENG 02/06/2021 02/06/2021 Books
                                                                           
web counter

Copyright ©2020 The National Library of India, Govt. of India ↔ Hosted by NVLI, MOC ↔ Technology and Design by National Library of India, Ministry of Culture, Govt. of India